| 000 | 00881nam a2200289 i 4500 | ||
|---|---|---|---|
| 003 | EG-GICUC | ||
| 005 | 20260225095109.0 | ||
| 008 | 260225s1986 ru fr|||| 000 0 eng d | ||
| 040 |
_aEG-GiCUC _beng _cEG-GiCUC _dEG-GiCUC _erda |
||
| 041 | 0 | _aeng | |
| 082 | 0 | 4 |
_221 _a341.63 _bVO . P |
| 092 | 0 | 4 | _221 |
| 099 | _aLaw1 11 341.63 VO . P 1986 | ||
| 100 | 1 |
_aVolkogonov, D _eAuthor. |
|
| 245 | 1 | 4 |
_aThe Psychological War / _cD. Volkogonov. |
| 264 | 1 |
_aMoscow : _bProgress Publishers, _c1986. |
|
| 300 |
_a239 pages, _c18 cm |
||
| 336 |
_2rda content _atext |
||
| 337 |
_2rda media _aComputer |
||
| 338 |
_2rda carrier _aOnline Resource |
||
| 500 | _aIncludes bibliographical references. | ||
| 546 | _aText in English | ||
| 650 | 1 | 4 | _a Private international law |
| 856 | 4 | 0 | _uhttps://fll.law.cu.edu.eg/fulltext/bks/B11-08400.pdf |
| 905 | _a48 | ||
| 942 |
_2ddc _cBK _e21 _n0 |
||
| 999 |
_c64167 _d64167 |
||